Detalles MARC
| 000 -CABECERA |
| campo de control de longitud fija |
02155nam a2200325 i 4500 |
| 001 - NÚMERO DE CONTROL |
| campo de control |
000039079 |
| 003 - IDENTIFICADOR DEL NÚMERO DE CONTROL |
| campo de control |
DO-SdBNP |
| 005 - FECHA Y HORA DE LA ÚLTIMA TRANSACCIÓN |
| campo de control |
20260415175501.0 |
| 007 - CAMPO FIJO DE DESCRIPCIÓN FÍSICA--INFORMACIÓN GENERAL |
| campo de control de longitud fija |
ta |
| 008 - DATOS DE LONGITUD FIJA--INFORMACIÓN GENERAL |
| campo de control de longitud fija |
130520s1989 dr 000 0 spa d |
| 040 ## - FUENTE DE LA CATALOGACIÓN |
| Centro catalogador/agencia de origen |
DO-SdBNP |
| Lengua de catalogación |
spa |
| Centro/agencia transcriptor |
BNPHU |
| Normas de descripción |
rda |
| 041 ## - CÓDIGO DE LENGUA |
| Código de lengua del texto/banda sonora o título independiente |
spa |
| 082 #4 - NÚMERO DE LA CLASIFICACIÓN DECIMAL DEWEY |
| Número de clasificación |
343.04 |
| Número de documento/Ítem |
R823d |
| Número de edición |
22 |
| 100 1# - ENTRADA PRINCIPAL--NOMBRE DE PERSONA |
| Nombre de persona |
Ross Bravo, Jaime, |
| Fechas asociadas al nombre |
1921- |
| Término indicativo de función/relación |
autor |
| Código de función/relación |
aut. |
| 9 (RLIN) |
36039 |
| 245 10 - MENCIÓN DE TÍTULO |
| Título |
Derecho tributario sustantivo / |
| Mención de responsabilidad, etc. |
Jaime Ross. |
| 264 #1 - PRODUCCIÓN, PUBLICACIÓN, DISTRIBUCIÓN, FABRICACIÓN Y COPYRIGHT |
| Producción, publicación, distribución, fabricación y copyright |
Santo Domingo : |
| Nombre del de productor, editor, distribuidor, fabricante |
Instituto de Capacitación Tributario, |
| Fecha de producción, publicación, distribución, fabricación o copyright |
1989. |
| 300 ## - DESCRIPCIÓN FÍSICA |
| Extensión |
368 páginas ; |
| Dimensiones |
22 cm. |
| 336 ## - TIPO DE CONTENIDO |
| Término de tipo de contenido |
texto |
| Código de tipo de contenido |
txt |
| Fuente |
rdacontent |
| 337 ## - TIPO DE MEDIO |
| Nombre/término del tipo de medio |
sin mediación |
| Código del tipo de medio |
n |
| Fuente |
rdamedia |
| 338 ## - TIPO DE SOPORTE |
| Nombre/término del tipo de soporte |
volumen |
| Código del tipo de soporte |
nc |
| Fuente |
rdacarrier |
| 490 1# - MENCIÓN DE SERIE |
| Mención de serie |
Colección Manuales de Finanzas Públicas |
| Designación de volumen o secuencia |
18 |
| 500 ## - NOTA GENERAL |
| Nota general |
Material de apoyo para los programas desarrollados por el Instituto de Capacitación Tributaria |
| 505 0# - NOTA DE CONTENIDO CON FORMATO |
| Nota de contenido con formato |
Noción general de derecho tributario -- |
| Título |
Autonomía del desarrollo tributario -- |
| -- |
División del derecho tributario -- |
| -- |
Fuentes directas y supletorias del derecho tributario -- |
| -- |
Codificación del derecho tributario -- |
| -- |
La potestad tributaria -- |
| -- |
Caracteres generales y obligatoriedad de la ley tributaria -- |
| -- |
Vigencia de la ley tributaria en el tiempo -- |
| -- |
Aplicación y extensión territorial de la ley tributaria -- |
| -- |
Interpretación e integración de la ley tributaria -- |
| -- |
Noción general de la obligación tributaria -- |
| -- |
Fuentes de la obligación tributaria -- |
| -- |
Generalidades del hecho generador de la obligación tributaria -- |
| -- |
Elementos del hecho generador -- |
| -- |
El objeto de la obligación tributaria -- |
| -- |
La causa de la obligación tributaria -- |
| -- |
Los sujetos de la obligación tributaria |
| -- |
La determinación o liquidación de la obligación tributaria -- |
| -- |
Modos de extinguir las obligaciones tributarias -- |
| -- |
La exención tributaria -- |
| -- |
Privilegios y garantías del crédito tributario -- |
| -- |
Apéndice. |
| 590 ## - NOTA LOCAL (RLIN) |
| Nota local |
Inventariado, 2018/VM |
| 650 #0 - PUNTO DE ACCESO ADICIONAL DE MATERIA--TÉRMINO DE MATERIA |
| Término de materia o nombre geográfico como elemento de entrada |
Impuestos |
| Subdivisión general |
Leyes y legislación |
| 9 (RLIN) |
9338 |
| 650 #4 - PUNTO DE ACCESO ADICIONAL DE MATERIA--TÉRMINO DE MATERIA |
| Término de materia o nombre geográfico como elemento de entrada |
Procedimiento tributario |
| 9 (RLIN) |
8289 |
| 710 1# - PUNTO DE ACCESO ADICIONAL--NOMBRE DE ENTIDAD CORPORATIVA |
| Nombre de entidad corporativa o nombre de jurisdicción como elemento de entrada |
República Dominicana. |
| Unidad subordinada |
Instituto de Capacitación Tributaria (INCAT) |
| 9 (RLIN) |
35765 |
| 910 ## - DATOS DE OPCIÓN DEL USUARIO (OCLC) |
| Datos de opción del usuario |
Validado. Control de calidad EMS |
| 942 ## - ELEMENTOS DE PUNTO DE ACCESO ADICIONAL (KOHA) |
| Fuente del sistema de clasificación o colocación |
Dewey Decimal Classification |
| Tipo de ítem Koha |
Libro |